000 00402nam a2200145Ia 4500
005 20260328104309.0
008 260328s9999||||xx |||||||||||||| ||und||
100 _aMcguirk, Justin
245 0 _aCiudades Radicales :
_b un Viaje a la Nueva Arquitectura Latinoamérica /
_cJustin Mcguirk
250 _a1a ed.
260 _bTurner
300 _a286 p.
650 _aARQUITECTURA - CULTURA
942 _cBK
999 _c10874
_d10874